An irreverent and thoroughly incomplete social history of almost everything / (Record no. 572)

000 -LEADER
fixed length control field 00979nam a22003377a 4500
001 - CONTROL NUMBER
control field 801172
003 - CONTROL NUMBER IDENTIFIER
control field OSt
005 - DATE AND TIME OF LATEST TRANSACTION
control field 20210420080834.0
008 - FIXED-LENGTH DATA ELEMENTS--GENERAL INFORMATION
fixed length control field 751104s1976 nyu 001 0 eng
010 ## - LIBRARY OF CONGRESS CONTROL NUMBER
LC control number 75038645
020 ## - INTERNATIONAL STANDARD BOOK NUMBER
International Standard Book Number 081281925X
040 ## - CATALOGING SOURCE
Original cataloging agency eng
Transcribing agency DLC
Modifying agency eng
Language of cataloging eng
041 ## - LANGUAGE CODE
Language code of text/sound track or separate title eng
050 00 - LIBRARY OF CONGRESS CALL NUMBER
Classification number PN6175
Item number .M78 1976
080 ## - UNIVERSAL DECIMAL CLASSIFICATION NUMBER
Universal Decimal Classification number 94
Item number M-93
082 00 - DEWEY DECIMAL CLASSIFICATION NUMBER
Classification number 828/.02
100 1# - MAIN ENTRY--PERSONAL NAME
Personal name Muir, Frank,
Dates associated with a name 1920-1998.
240 10 - UNIFORM TITLE
Uniform title Frank Muir book
245 13 - TITLE STATEMENT
Title An irreverent and thoroughly incomplete social history of almost everything /
Statement of responsibility, etc. Frank Muir.
260 ## - PUBLICATION, DISTRIBUTION, ETC.
Place of publication, distribution, etc. New York :
Name of publisher, distributor, etc. Stein and Day,
Date of publication, distribution, etc. 1976.
300 ## - PHYSICAL DESCRIPTION
Extent xx, 372 p. ;
Dimensions 24 cm.
365 ## - TRADE PRICE
Price amount 10 usd
500 ## - GENERAL NOTE
General note Includes indexes.
650 #0 - SUBJECT ADDED ENTRY--TOPICAL TERM
Topical term or geographic name entry element English wit and humor.
650 #0 - SUBJECT ADDED ENTRY--TOPICAL TERM
Topical term or geographic name entry element History
9 (RLIN) 252
650 #0 - SUBJECT ADDED ENTRY--TOPICAL TERM
Topical term or geographic name entry element Quotations, English.
653 ## - INDEX TERM--UNCONTROLLED
Uncontrolled term ისტორია
653 ## - INDEX TERM--UNCONTROLLED
Uncontrolled term ინგლისური ციტატები
906 ## - LOCAL DATA ELEMENT F, LDF (RLIN)
a 7
b cbc
c orignew
d 1
e ocip
f 19
g y-gencatlg
942 ## - ADDED ENTRY ELEMENTS (KOHA)
Source of classification or shelving scheme
Koha item type Books
Holdings
Withdrawn status Lost status Source of classification or shelving scheme Damaged status Not for loan Permanent location Current location Date acquired Inventory number Total Checkouts Full call number Barcode Date last seen Price effective from Koha item type
          Ken Walker International University Ken Walker International University 12/12/2020 757   94 M-93 757 12/12/2020 12/12/2020 Books

Powered by Koha